[Event "4NCL/Div4a/SXM vs. NOTT"]
[Site "Telford ENG"]
[Date "2005.05.30"]
[Round "11.1"]
[White "Fryer, David"]
[Black "Thompson, Brian"]
[Result "0-1"]
[WhiteElo "2088"]
[BlackElo "2060"]
[PlyCount "114"]
[EventDate "2005.05.30"]
[SourceDate "2004.09.21"]

1. e4 c5 2. Nc3 Nc6 3. g3 g6 4. Bg2 Bg7 5. d3 e6 6. Be3 d6 7. Qd2 Nf6 8. h3 a6
9. f4 Nd4 10. Nce2 Qb6 11. c3 Nc6 12. Nf3 d5 13. e5 Nd7 14. d4 c4 15. g4 Ne7
16. Ng3 Nb8 17. O-O Qd8 18. Rae1 Nbc6 19. f5 exf5 20. Bh6 Bxh6 21. Qxh6 Be6 22.
gxf5 Nxf5 23. Nxf5 gxf5 24. Nh4 Qd7 25. Qf6 Rf8 26. Nxf5 Bxf5 27. Rxf5 Qe6 28.
Ref1 Qxf6 29. exf6 O-O-O 30. Bxd5 Rde8 31. Bxc4 Re3 32. Kh2 Nd8 33. Re5 Re8 34.
Rxe8 Rxe8 35. Rf2 Re3 36. d5 Kd7 37. Kg2 b5 38. Bb3 Kd6 39. c4 b4 40. Bc2 h6
41. b3 Nb7 42. Bh7 Kc5 43. Bf5 Nd6 44. Rc2 Nxf5 45. Rd2 Nd6 46. Kh2 Rf3 47. Re2
Rxf6 48. Re7 Rf2+ 49. Kg1 Rxa2 50. Rc7+ Kd4 51. c5 Kxd5 52. cxd6 Kxd6 53. Rxf7
a5 54. Rf6+ Ke5 55. Rxh6 a4 56. Rh5+ Kf6 57. bxa4 b3 0-1

[Event "4NCL/Div4a/SXM vs. NOTT"]
[Site "Telford ENG"]
[Date "2005.05.30"]
[Round "11.2"]
[White "Truman, Richard G"]
[Black "Bucher, Grant"]
[Result "1-0"]
[WhiteElo "2019"]
[BlackElo "1935"]
[PlyCount "57"]
[EventDate "2005.05.30"]
[SourceDate "2004.09.21"]

1. d4 Nf6 2. c4 g6 3. Nc3 d5 4. cxd5 Nxd5 5. e4 Nxc3 6. bxc3 Bg7 7. Nf3 O-O 8.
Rb1 c5 9. Be2 Nc6 10. d5 Ne5 11. Nxe5 Bxe5 12. Qd2 Qa5 13. Rb3 Rd8 14. O-O Qc7
15. f4 Bh8 16. c4 Bd7 17. Bb2 Bxb2 18. Qxb2 Rab8 19. f5 b5 20. Rh3 bxc4 21. Qc3
Qd6 22. fxg6 fxg6 23. Rf7 e5 24. dxe6 Qd4+ 25. Qxd4 cxd4 26. Bxc4 Bb5 27. Bb3
Rdc8 28. e7 Rc1+ 29. Rf1+ 1-0

[Event "4NCL/Div4a/SXM vs. NOTT"]
[Site "Telford ENG"]
[Date "2005.05.30"]
[Round "11.3"]
[White "Prescott, Adam"]
[Black "Webster, Richard J"]
[Result "0-1"]
[WhiteElo "1935"]
[BlackElo "1968"]
[PlyCount "52"]
[EventDate "2005.05.30"]
[SourceDate "2004.09.21"]

1. e4 e6 2. c4 c5 3. Nc3 Nc6 4. g3 b6 5. Bg2 Bb7 6. d3 d6 7. f4 Nf6 8. h3 a6 9.
Nge2 Be7 10. O-O Qc7 11. a3 O-O 12. g4 Rac8 13. f5 Nd7 14. g5 exf5 15. exf5
Rfe8 16. Ng3 Bf8 17. g6 fxg6 18. fxg6 h6 19. Qh5 Ne7 20. Nge4 Ne5 21. Bxh6 gxh6
22. Nf6+ Kg7 23. Nxe8+ Rxe8 24. Ne4 N7xg6 25. Qf5 Be7 26. Rad1 Rf8 0-1

[Event "4NCL/Div4a/SXM vs. NOTT"]
[Site "Telford ENG"]
[Date "2005.05.30"]
[Round "11.4"]
[White "Burke, Steven J"]
[Black "Tucker, Andrew"]
[Result "1-0"]
[WhiteElo "2020"]
[BlackElo "1944"]
[PlyCount "83"]
[EventDate "2005.05.30"]
[SourceDate "2004.09.21"]

1. a3 e5 2. c4 Nf6 3. d3 d5 4. cxd5 Nxd5 5. Nf3 Nc6 6. g3 f5 7. Bg2 Bd6 8. O-O
a5 9. Nc3 Nb6 10. Be3 O-O 11. Rc1 Kh8 12. Nb5 Nd5 13. Bc5 Be6 14. Qd2 Bg8 15.
Qg5 Rf6 16. Nh4 h6 17. Qd2 g5 18. Bxd6 cxd6 19. Nxf5 Rxf5 20. e4 Rf7 21. exd5
Nb8 22. d4 Qb6 23. a4 Nd7 24. dxe5 Nxe5 25. Qd4 Qxd4 26. Nxd4 Bh7 27. Rc3 Bf5
28. Nxf5 Rxf5 29. f4 Nd7 30. Bh3 Rf7 31. Bxd7 Rxd7 32. fxg5 hxg5 33. Rf5 Rg7
34. Rf6 Rd7 35. Rg6 Rg8 36. Rxg8+ Kxg8 37. Rb3 Rc7 38. Rb5 Rc5 39. Rxc5 dxc5
40. Kf2 Kf7 41. Ke3 Kf6 42. h4 1-0

[Event "4NCL/Div4a/SXM vs. NOTT"]
[Site "Telford ENG"]
[Date "2005.05.30"]
[Round "11.5"]
[White "Richardson, Joe"]
[Black "Lakhani, Kishan"]
[Result "1/2-1/2"]
[WhiteElo "2001"]
[BlackElo "1982"]
[PlyCount "68"]
[EventDate "2005.05.30"]
[SourceDate "2004.09.21"]

1. e4 c5 2. c3 Nf6 3. e5 Nd5 4. d4 cxd4 5. cxd4 d6 6. Nf3 Nc6 7. Bc4 Nb6 8. Bb5
Bd7 9. exd6 e6 10. Nc3 Bxd6 11. O-O O-O 12. Ne4 Bb8 13. Be3 Nd5 14. Rc1 Qb6 15.
Bc4 Nce7 16. b3 Bc6 17. Ng3 Nxe3 18. fxe3 Bxg3 19. hxg3 Nf5 20. Qe1 Qc7 21. Ne5
Qe7 22. Nxc6 bxc6 23. Bd3 Qd7 24. Bxf5 exf5 25. Rc5 g6 26. Qc3 Rac8 27. Rc1
Rfe8 28. Kf2 Re6 29. d5 Re4 30. Rxc6 Rce8 31. d6 Rxe3 32. Qxe3 Rxe3 33. Kxe3
Qe6+ 34. Kf2 Qd5 1/2-1/2

[Event "4NCL/Div4a/SXM vs. NOTT"]
[Site "Telford ENG"]
[Date "2005.05.30"]
[Round "11.6"]
[White "Graham, Neil"]
[Black "Bayliss, Lyall C P"]
[Result "0-1"]
[WhiteElo "1890"]
[BlackElo "1840"]
[PlyCount "40"]
[EventDate "2005.05.30"]
[SourceDate "2004.09.21"]

1. d4 d5 2. e4 dxe4 3. Nc3 f5 4. f3 Nf6 5. fxe4 fxe4 6. Bg5 Nbd7 7. Bc4 h6 8.
Bxf6 Nxf6 9. Nxe4 Bf5 10. Ng3 Bg4 11. Qd3 Qd6 12. Qg6+ Kd8 13. c3 Qc6 14. Bf1
h5 15. h3 Bd7 16. Nf3 h4 17. Ne5 Qb6 18. Nf7+ Kc8 19. O-O-O Be8 20. Nf5 Qe6 0-1

[Event "4NCL/Div4a/SLOS2 vs. CHED"]
[Site "Telford ENG"]
[Date "2005.05.30"]
[Round "11.1"]
[White "Rudolf, Anna"]
[Black "Acey, Gerald"]
[Result "1/2-1/2"]
[WhiteElo "2210"]
[BlackElo "2130"]
[PlyCount "124"]
[EventDate "2005.05.30"]
[SourceDate "2004.09.21"]

1. e4 g6 2. d4 Bg7 3. Nc3 d6 4. Bg5 a6 5. f4 b5 6. Nf3 Bb7 7. Bd3 h6 8. Bh4 c5
9. dxc5 dxc5 10. e5 Qb6 11. Qe2 e6 12. Ne4 Bxe4 13. Bxe4 Nc6 14. O-O-O Nge7 15.
Rd6 Rc8 16. Rhd1 Qa5 17. Bxc6+ Nxc6 18. Qe4 Nd4 19. c3 g5 20. cxd4 gxh4 21.
dxc5 Rxc5+ 22. Kb1 O-O 23. Rc6 b4 24. Rxc5 Qxc5 25. Qd4 Qb5 26. Qd3 Qb6 27.
Nxh4 Rc8 28. Nf3 a5 29. Rc1 Rxc1+ 30. Kxc1 Qf2 31. g3 Bf8 32. Nd2 Qc5+ 33. Kb1
Qg1+ 34. Kc2 a4 35. Ne4 Qg2+ 36. Kd1 Be7 37. Qe2 Qg1+ 38. Kc2 Qd4 39. Nd2 a3
40. Nc4 axb2 41. Nxb2 Qc3+ 42. Kb1 Bc5 43. Na4 Qd4 44. Nxc5 Qxc5 45. Qd2 Qc4
46. Kb2 Kg7 47. g4 Kg8 48. h3 Qf1 49. Qe3 Kg7 50. Kb3 Qb1+ 51. Ka4 Qxa2+ 52.
Kxb4 Qc2 53. Qd4 Qb1+ 54. Kc5 Qb7 55. Kd6 Qb8+ 56. Kc6 Qc8+ 57. Kb5 Qb7+ 58.
Kc4 Qc6+ 59. Kb4 Qb7+ 60. Ka5 Qa8+ 61. Kb6 Qb8+ 62. Kc6 Qc8+ 1/2-1/2

[Event "4NCL/Div4a/SLOS2 vs. CHED"]
[Site "Telford ENG"]
[Date "2005.05.30"]
[Round "11.2"]
[White "Gilmore, Simon N"]
[Black "Smith, Andrew P"]
[Result "1-0"]
[WhiteElo "2105"]
[BlackElo "2204"]
[PlyCount "115"]
[EventDate "2005.05.30"]
[SourceDate "2004.09.21"]

1. e4 e5 2. Nf3 d6 3. d4 Nd7 4. Be2 h6 5. O-O Qf6 6. Be3 g5 7. Nc3 c6 8. h3 a6
9. a4 Ne7 10. Nh2 Ng6 11. g3 Be7 12. Kg2 Nf4+ 13. Bxf4 gxf4 14. d5 c5 15. Bg4
h5 16. Bf5 Nf8 17. Bxc8 Rxc8 18. Qf3 Ng6 19. Rg1 Kd7 20. Kf1 Rcg8 21. Ke2 Kc8
22. Kd2 Bf8 23. Ne2 Bh6 24. Kd1 Kb8 25. c4 Qd8 26. Kc2 Qd7 27. g4 Bf8 28. gxh5
Nh4 29. Qa3 f5 30. Nf3 Nxf3 31. Rxg8 Rxg8 32. Qxf3 fxe4 33. Qxe4 Qxh3 34. Rh1
Qd7 35. b3 Bh6 36. Rg1 Rh8 37. Rg6 Bf8 38. Re6 Rxh5 39. Qg6 Rh8 40. Nc3 Ka7 41.
Ne4 Qc7 42. Qf6 Qh7 43. Qg6 Qh1 44. Nxd6 Bxd6 45. Rxd6 Qf3 46. Rxa6+ bxa6 47.
Qg7+ Ka8 48. Qxh8+ Kb7 49. Qg7+ Kc8 50. Qf8+ Kd7 51. Qf7+ Kd8 52. Qf6+ Kd7 53.
Qe6+ Kd8 54. Qd6+ Ke8 55. Qxe5+ Kf7 56. Qe1 a5 57. d6 Qc6 58. Qe7+ 1-0

[Event "4NCL/Div4a/SLOS2 vs. CHED"]
[Site "Telford ENG"]
[Date "2005.05.30"]
[Round "11.3"]
[White "Richmond, Robert J"]
[Black "Richardson, Alex"]
[Result "1/2-1/2"]
[WhiteElo "2257"]
[BlackElo "2119"]
[PlyCount "32"]
[EventDate "2005.05.30"]
[SourceDate "2004.09.21"]

1. d4 Nf6 2. c4 e6 3. Nc3 Bb4 4. Qc2 c5 5. dxc5 Qc7 6. a3 Bxc5 7. b4 Be7 8. e3
a6 9. Bb2 d6 10. Nf3 b6 11. Bd3 Bb7 12. Ne4 Nbd7 13. O-O Rc8 14. Rac1 h6 15.
Rfd1 O-O 16. Nxf6+ Bxf6 1/2-1/2

[Event "4NCL/Div4a/SLOS2 vs. CHED"]
[Site "Telford ENG"]
[Date "2005.05.30"]
[Round "11.4"]
[White "Lee, Chon-Yiu"]
[Black "Hersvik, Daniel"]
[Result "1-0"]
[WhiteElo "2120"]
[BlackElo "2243"]
[PlyCount "115"]
[EventDate "2005.05.30"]
[SourceDate "2004.09.21"]

1. e4 c5 2. Nf3 d6 3. d4 cxd4 4. Nxd4 Nf6 5. Nc3 g6 6. Be3 Bg7 7. f3 O-O 8. Qd2
Nc6 9. Bc4 Bd7 10. O-O-O Ne5 11. Bb3 Qa5 12. Kb1 Rfc8 13. g4 Rxc3 14. Qxc3 Qxc3
15. bxc3 Nxf3 16. Nxf3 Nxe4 17. Rd3 Bxg4 18. Rf1 Nxc3+ 19. Kc1 Bh3 20. Rf2 Ne4
21. Bxf7+ Kf8 22. Bd5 Nxf2 23. Bxf2 Bf5 24. Bxb7 Rb8 25. Rb3 Be6 26. Bd5 Rxb3
27. Bxb3 Bh6+ 28. Nd2 Bf5 29. Bxa7 e5 30. Bd5 Bf4 31. Bg1 Bd7 32. Kd1 g5 33.
Nc4 Ke7 34. Nb6 Bg4+ 35. Ke1 Bc1 36. a4 Ba3 37. Be3 Bb4+ 38. Bd2 Bxd2+ 39. Kxd2
Kd8 40. a5 Kc7 41. Be4 h6 42. Nd5+ Kb8 43. Ne7 h5 44. a6 Ka7 45. Bb7 Kb8 46.
Nc6+ Kc7 47. Nd8 Kb6 48. Nf7 Be6 49. Nxd6 g4 50. Kd3 h4 51. Nc4+ Kc7 52. Nxe5
g3 53. hxg3 hxg3 54. Ke3 Bh3 55. Nd3 Kb6 56. Kf3 g2 57. Kf2 Ka7 58. c3 1-0

[Event "4NCL/Div4a/SLOS2 vs. CHED"]
[Site "Telford ENG"]
[Date "2005.05.30"]
[Round "11.5"]
[White "Roberson, Peter T"]
[Black "Bennett, Pat"]
[Result "1-0"]
[WhiteElo "2139"]
[BlackElo "2055"]
[PlyCount "41"]
[EventDate "2005.05.30"]
[SourceDate "2004.09.21"]

1. e4 c5 2. c3 Nf6 3. e5 Nd5 4. Nf3 e6 5. d4 cxd4 6. Bc4 Nb6 7. Bb3 d6 8. cxd4
Nc6 9. O-O dxe5 10. dxe5 Qxd1 11. Rxd1 Bd7 12. Nc3 Na5 13. Bc2 Rc8 14. Rd3 Bb4
15. Bd2 Nac4 16. Rb1 Nxd2 17. Nxd2 Nc4 18. Nxc4 Rxc4 19. Rbd1 Bc6 20. Rd8+ Ke7
21. Rxh8 1-0

[Event "4NCL/Div4a/SLOS2 vs. CHED"]
[Site "Telford ENG"]
[Date "2005.05.30"]
[Round "11.6"]
[White "Sullivan, Daniel J S"]
[Black "Linford, Charles"]
[Result "1/2-1/2"]
[WhiteElo "1970"]
[BlackElo "2142"]
[PlyCount "89"]
[EventDate "2005.05.30"]
[SourceDate "2004.09.21"]

1. d4 e5 2. dxe5 Nc6 3. Nf3 Qe7 4. Nc3 Nxe5 5. e4 Nf6 6. Bg5 c6 7. Nxe5 Qxe5 8.
f4 Qc5 9. Qf3 d6 10. Bxf6 gxf6 11. O-O-O Be6 12. Bd3 O-O-O 13. g4 Rg8 14. Rhg1
Kb8 15. h4 b5 16. Kb1 a5 17. Ne2 a4 18. g5 fxg5 19. hxg5 a3 20. f5 Bc8 21. b3
Bg7 22. f6 Bf8 23. Qf4 Kb7 24. c3 Be6 25. b4 Qe5 26. Qc1 d5 27. exd5 Bxd5 28.
Nd4 h6 29. gxh6 Rxg1 30. Rxg1 Qh2 31. Bc2 Bxh6 32. Qe1 Re8 33. Qd1 Qd2 34. Qxd2
Bxd2 35. Rd1 Re1 36. Rxe1 Bxe1 37. Ne2 Bc4 38. Bd1 Bh4 39. Nd4 Bd3+ 40. Bc2
Bxc2+ 41. Kxc2 Bxf6 42. Nf5 Kc7 43. Nh6 Bg5 44. Nxf7 Bf4 45. Kb3 1/2-1/2

[Event "4NCL/Div4b/WWKS2 vs. HAL"]
[Site "Telford ENG"]
[Date "2004.11.06"]
[Round "1.1"]
[White "Baruch, Andrew J D"]
[Black "Roberts, Colin J"]
[Result "1-0"]
[WhiteElo "2090"]
[BlackElo "2055"]
[PlyCount "83"]
[EventDate "2004.11.06"]
[SourceDate "2004.09.21"]

1. e4 e6 2. d3 d5 3. Nd2 Nf6 4. Ngf3 c5 5. g3 Nc6 6. Bg2 Bd6 7. O-O O-O 8. Re1
Qc7 9. c3 b5 10. Qe2 Be7 11. e5 Nd7 12. Nf1 f5 13. exf6 Nxf6 14. Bf4 Bd6 15.
Bxd6 Qxd6 16. N1d2 Bd7 17. Ne5 Rae8 18. f4 d4 19. c4 Na5 20. Ne4 Nxe4 21. Bxe4
g6 22. b4 cxb4 23. c5 Qc7 24. c6 Bc8 25. Qb2 Qd6 26. a4 Nc4 27. dxc4 bxc4 28.
Nxc4 Qc5 29. Rac1 a5 30. Ne5 Qa7 31. h4 Rd8 32. Bd3 Rd6 33. Kg2 Ba6 34. Qb3 Rc8
35. Kh3 Kg7 36. Qb1 Rd5 37. Red1 Qb6 38. Bxa6 Qxa6 39. Qd3 Qb6 40. Rc4 Rxe5 41.
fxe5 Rxc6 42. Qxd4 1-0

[Event "4NCL/Div4b/WWKS2 vs. HAL"]
[Site "Telford ENG"]
[Date "2004.11.06"]
[Round "1.2"]
[White "Ambrose, Andy"]
[Black "McCumiskey, Andrew"]
[Result "0-1"]
[WhiteElo "1930"]
[BlackElo "2100"]
[PlyCount "72"]
[EventDate "2004.11.06"]
[SourceDate "2004.09.21"]

1. e4 d6 2. d4 g6 3. Nc3 Bg7 4. f4 c6 5. Nf3 d5 6. exd5 cxd5 7. Bb5+ Nc6 8. Ne5
Qd6 9. O-O a6 10. Ba4 b5 11. Bb3 Nf6 12. Be3 O-O 13. Qf3 Rd8 14. g4 b4 15. Na4
Qc7 16. h3 e6 17. Nc5 Bf8 18. Ba4 Nxd4 19. Bxd4 Bxc5 20. Bxc5 Qxc5+ 21. Kh2 Bd7
22. Bb3 Bb5 23. Rg1 a5 24. c3 bxc3 25. bxc3 a4 26. Bc2 Rac8 27. Rab1 d4 28. Qb7
Be8 29. Bxa4 Rc7 30. Qb3 Bxa4 31. Qxa4 dxc3 32. Rg2 Qe3 33. Nc6 Rd2 34. Rbg1 c2
35. Qc4 Ne4 36. Rxd2 Qxd2+ 0-1

[Event "4NCL/Div4b/WWKS2 vs. HAL"]
[Site "Telford ENG"]
[Date "2004.11.06"]
[Round "1.3"]
[White "Emanuel, John"]
[Black "Peck, Windsor W"]
[Result "1-0"]
[WhiteElo "2040"]
[BlackElo "1925"]
[PlyCount "141"]
[EventDate "2004.11.06"]
[SourceDate "2004.09.21"]

1. c4 c6 2. g3 d5 3. Bg2 e5 4. cxd5 cxd5 5. d4 e4 6. Nc3 Nc6 7. f3 f5 8. Nh3
Be6 9. O-O Be7 10. fxe4 fxe4 11. Nf4 Bf7 12. Be3 Nf6 13. Bh3 a6 14. Qb3 Na5 15.
Qd1 Nc4 16. Bc1 O-O 17. Ne6 Bxe6 18. Bxe6+ Kh8 19. b3 Nb6 20. Bf4 Bb4 21. Rc1
Qe7 22. Bh3 Nh5 23. Be5 Rxf1+ 24. Bxf1 Qe6 25. e3 Nf6 26. Ne2 Rc8 27. Nf4 Rxc1
28. Qxc1 Qe7 29. Bh3 Bd6 30. Bxd6 Qxd6 31. Ne6 g6 32. Qc5 Ne8 33. Nd8 Qf6 34.
Nxb7 Qf3 35. Qc1 Nf6 36. Qe1 g5 37. Nc5 a5 38. a4 h5 39. Bg2 Qg4 40. h3 Qc8 41.
Qxa5 Qc6 42. Qd2 Kg7 43. a5 Nc8 44. Qb4 Kg6 45. a6 Ne8 46. Qa4 Na7 47. Qxc6+
Nxc6 48. Bf1 Nc7 49. Kf2 Kf7 50. Be2 Kg6 51. Ke1 h4 52. g4 Kf7 53. Kd2 Ke7 54.
Kc3 Na7 55. Kb4 Kd6 56. Ka4 Kc6 57. Ka5 Nab5 58. Bxb5+ Nxb5 59. Ne6 Nc3 60. Kb4
Nd1 61. a7 Kb7 62. a8=Q+ Kxa8 63. Nc7+ Kb7 64. Nxd5 Nf2 65. Nf6 Kc6 66. Kc4 Kd6
67. b4 Ke6 68. b5 Kd6 69. d5 Nxh3 70. Nxe4+ Ke5 71. b6 1-0

[Event "4NCL/Div4b/WWKS2 vs. HAL"]
[Site "Telford ENG"]
[Date "2004.11.06"]
[Round "1.4"]
[White "Trevis, Phil"]
[Black "Gordon, Callum"]
[Result "0-1"]
[WhiteElo "1840"]
[BlackElo "2045"]
[PlyCount "118"]
[EventDate "2004.11.06"]
[SourceDate "2004.09.21"]

1. d4 Nf6 2. c4 c5 3. d5 e6 4. Nc3 exd5 5. cxd5 d6 6. Nf3 g6 7. e4 Bg7 8. Be2
O-O 9. O-O Re8 10. Qc2 a6 11. a4 Qe7 12. Re1 Bg4 13. Bg5 Nbd7 14. h3 Bxf3 15.
Bxf3 Ne5 16. Be2 h6 17. Bh4 g5 18. Bg3 Ng6 19. Bf3 Nd7 20. Nd1 f5 21. Bh5 Qf6
22. Ra3 f4 23. Bh2 b5 24. b3 b4 25. Ra2 a5 26. Nb2 Rec8 27. Nc4 Nge5 28. Nd2
Nb6 29. Nf3 c4 30. Nxe5 Qxe5 31. Bg4 cxb3 32. Qxb3 Rc3 33. Be6+ Qxe6 34. dxe6
Rxb3 35. h4 Re8 36. hxg5 hxg5 37. f3 Nc4 38. Rc2 Rc3 39. Rxc3 Bxc3 40. Rd1 b3
41. Rb1 b2 42. g3 Nd2 43. Rd1 fxg3 44. Bxg3 Rxe6 45. Kf2 b1=Q 46. Rxb1 Bd4+ 47.
Kg2 Nxb1 48. Kh3 Kg7 49. Kg4 Kg6 50. Be1 Nc3 51. Bd2 d5 52. exd5 Nxd5 53. Bxa5
Ra6 54. Bd2 Rxa4 55. Bxg5 Bf6+ 56. Kg3 Bxg5 57. Kg2 Bf4 58. Kh3 Ne3 59. Kh4 Ra2
0-1

[Event "4NCL/Div4b/WWKS2 vs. HAL"]
[Site "Telford ENG"]
[Date "2004.11.06"]
[Round "1.5"]
[White "Malik, Dani"]
[Black "Banks, Peter"]
[Result "0-1"]
[WhiteElo "1905"]
[BlackElo "1780"]
[PlyCount "96"]
[EventDate "2004.11.06"]
[SourceDate "2004.09.21"]

1. e4 e5 2. Nc3 Bb4 3. Nf3 Bxc3 4. bxc3 d6 5. Bc4 Nf6 6. d3 O-O 7. O-O Bg4 8.
Rb1 b6 9. Qe2 c6 10. Bg5 Nbd7 11. h3 Be6 12. Bb3 Qc7 13. Nd2 a5 14. a4 Rab8 15.
Bh4 b5 16. Bg3 Nc5 17. Bxe6 fxe6 18. axb5 cxb5 19. c4 b4 20. f4 exf4 21. Bxf4
e5 22. Be3 a4 23. g4 a3 24. Nb3 Na4 25. Ra1 a2 26. Qe1 Nc3 27. Bd2 Qa7+ 28. Kg2
Nd7 29. Rxf8+ Rxf8 30. Qe3 Nc5 31. Nxc5 dxc5 32. Bxc3 bxc3 33. Qc1 Qf7 34. Qe3
Qa7 35. Qc1 Rb8 36. Qg5 Qa3 37. Qxe5 Rf8 38. Rf1 Rxf1 39. Qe6+ Rf7 40. Qe8+ Rf8
41. Qe6+ Kh8 42. Qe7 Qa8 43. g5 a1=Q 44. g6 Qf1+ 45. Kg3 Rf3+ 46. Kg4 Qc8+ 47.
Kh5 Rxh3+ 48. Kg5 h6# 0-1

[Event "4NCL/Div4b/WWKS2 vs. HAL"]
[Site "Telford ENG"]
[Date "2004.11.06"]
[Round "1.6"]
[White "Evans, Joyce"]
[Black "Malik, Kaiser"]
[Result "0-1"]
[WhiteElo "1435"]
[BlackElo "1830"]
[PlyCount "96"]
[EventDate "2004.11.06"]
[SourceDate "2004.09.21"]

1. e4 d5 2. e5 Bf5 3. d4 e6 4. Nf3 Nd7 5. Nc3 a6 6. a4 c5 7. b3 cxd4 8. Nxd4
Bb4 9. Bd2 Qc7 10. Nxf5 Qxe5+ 11. Ne3 Bxc3 12. Bxc3 Qxc3+ 13. Ke2 Ngf6 14. g3
Ne5 15. Bg2 d4 16. Nc4 Nxc4 17. bxc4 Qxc4+ 18. Ke1 Rd8 19. Qb1 Nd5 20. a5 Nc3
21. Bf1 Qd5 22. Qc1 Qxh1 23. f4 Qe4+ 24. Kf2 Qe3+ 25. Qxe3 dxe3+ 26. Kxe3 Rd1
27. Ra3 Nb5 28. Bxb5+ axb5 29. Rc3 Kd7 30. Rb3 Rd5 31. h4 Rc8 32. c3 f5 33. h5
Rc4 34. Ra3 Re4+ 35. Kf3 Rd3+ 36. Kg2 Re2+ 37. Kf1 Rb2 38. Ra1 Rxc3 39. Rd1+
Ke7 40. Re1 b4 41. Kg1 b3 42. Rf1 Rxg3+ 43. Kh1 Rgg2 44. Rc1 Rbc2 45. Rb1 b2
46. Rxb2 Rxb2 47. h6 Rgc2 48. hxg7 Rb1# 0-1

[Event "4NCL/Div4b/PONTY vs. GREN"]
[Site "Telford ENG"]
[Date "2004.11.06"]
[Round "1.1"]
[White "Saunders, W Nigel"]
[Black "Pugh, Derek C"]
[Result "0-1"]
[WhiteElo "2086"]
[BlackElo "2180"]
[PlyCount "82"]
[EventDate "2004.11.06"]
[SourceDate "2004.09.21"]

1. Nf3 d6 2. c4 e5 3. Nc3 f5 4. d4 e4 5. Ng5 Be7 6. f4 h6 7. Nh3 c6 8. e3 Nf6
9. Be2 Na6 10. a3 Nc7 11. Qc2 d5 12. c5 Ng4 13. Bd2 O-O 14. O-O-O b6 15. Na4 b5
16. Nc3 a5 17. Rdf1 Ba6 18. Nb1 b4 19. Bxa6 Nxa6 20. a4 b3 21. Qxb3 Nb4 22.
Bxb4 Rb8 23. Nf2 Rxb4 24. Qa3 Qa8 25. Nxg4 fxg4 26. Nd2 Rfb8 27. b3 Qa6 28. Re1
Qd3 29. Qa2 Rxb3 30. Nxb3 Rxb3 31. Re2 Ra3 32. Qb2 Rc3+ 33. Rc2 Qxe3+ 34. Kd1
Rb3 35. Qa2 Qd3+ 36. Kc1 Bf6 37. Rd1 Qe3+ 38. Rcd2 Ra3 39. Qb2 Rc3+ 40. Kb1 Rb3
41. g3 Qc3 0-1

[Event "4NCL/Div4b/PONTY vs. GREN"]
[Site "Telford ENG"]
[Date "2004.11.06"]
[Round "1.2"]
[White "Osborne, David"]
[Black "White, Ian G"]
[Result "1/2-1/2"]
[WhiteElo "2095"]
[BlackElo "2033"]
[PlyCount "83"]
[EventDate "2004.11.06"]
[SourceDate "2004.09.21"]

1. e4 e6 2. d4 d5 3. Nc3 Bb4 4. exd5 exd5 5. Bd3 Nf6 6. Nge2 O-O 7. O-O c6 8.
h3 Re8 9. Ng3 Nbd7 10. Qf3 Nf8 11. Bg5 Be7 12. Rae1 Be6 13. Nd1 N8d7 14. c3 Qb6
15. Re2 c5 16. Be3 cxd4 17. Bxd4 Bc5 18. Qf4 Bxd4 19. Qxd4 Qxd4 20. cxd4 Nf8
21. Nc3 Bd7 22. Rc2 Ne6 23. Nge2 Rac8 24. Rfc1 a6 25. f4 g6 26. g4 Bc6 27. Kf2
Rcd8 28. b4 Nc7 29. g5 Ne4+ 30. Bxe4 dxe4 31. Ke3 Bb5 32. Ng3 Bd3 33. Rf2 Rc8
34. Rd1 Nb5 35. Nd5 Nc3 36. Nf6+ Kf8 37. Re1 Red8 38. f5 Rc4 39. Nxh7+ Kg7 40.
Nf6 Rcxd4 41. fxg6 fxg6 42. Ne8+ 1/2-1/2

[Event "4NCL/Div4b/PONTY vs. GREN"]
[Site "Telford ENG"]
[Date "2004.11.06"]
[Round "1.3"]
[White "Jones, Derek C"]
[Black "Egginton, David C"]
[Result "1-0"]
[WhiteElo "1961"]
[BlackElo "2070"]
[PlyCount "109"]
[EventDate "2004.11.06"]
[SourceDate "2004.09.21"]

1. e4 c6 2. d4 d5 3. exd5 cxd5 4. Bd3 g6 5. Nf3 Nc6 6. c3 Bg4 7. h3 Bxf3 8.
Qxf3 Nf6 9. Bf4 Bg7 10. Nd2 a6 11. O-O O-O 12. Rfe1 b5 13. Nb3 Qb6 14. Nc5 b4
15. g4 Rfd8 16. Qg3 Ra7 17. h4 e5 18. dxe5 Qxc5 19. exf6 Bxf6 20. g5 Bg7 21.
Bc7 Rc8 22. Bd6 Qb6 23. cxb4 Nxb4 24. Qg4 Qxd6 25. Qxc8+ Bf8 26. Rad1 Rc7 27.
Qg4 Qb6 28. a3 Nxd3 29. Rxd3 Qxb2 30. Rxd5 Rc1 31. Rxc1 Qxc1+ 32. Kg2 Qxa3 33.
Qd4 Qb4 34. Qxb4 Bxb4 35. Rd8+ Kg7 36. Ra8 a5 37. Kg3 h6 38. gxh6+ Kxh6 39. Ra7
Kg7 40. f4 Kf6 41. Kg4 Bc3 42. Ra6+ Kg7 43. h5 gxh5+ 44. Kxh5 Bd2 45. f5 Bc3
46. Kg4 f6 47. Kh5 Kf7 48. Ra7+ Ke8 49. Kg6 Kd8 50. Rf7 Kc8 51. Re7 Kd8 52. Re3
Bb4 53. Kxf6 Kc7 54. Re6 a4 55. Re4 1-0

[Event "4NCL/Div4b/PONTY vs. GREN"]
[Site "Telford ENG"]
[Date "2004.11.06"]
[Round "1.4"]
[White "Hardy, Roger"]
[Black "Davies, Peter L"]
[Result "1/2-1/2"]
[WhiteElo "2030"]
[BlackElo "1989"]
[PlyCount "52"]
[EventDate "2004.11.06"]
[SourceDate "2004.09.21"]

1. e4 e5 2. Nf3 Nc6 3. d4 exd4 4. Bc4 Nf6 5. e5 d5 6. Bb5 Ne4 7. Nxd4 Bd7 8.
Bxc6 bxc6 9. O-O Be7 10. f3 Nc5 11. Be3 O-O 12. Nc3 f6 13. f4 fxe5 14. fxe5
Rxf1+ 15. Qxf1 Bg5 16. Qc1 Ne6 17. Nxe6 Bxe3+ 18. Qxe3 Bxe6 19. Ne2 Qb8 20. b3
Qb6 21. Nd4 c5 22. Nxe6 Qxe6 23. Qxc5 Qxe5 24. Rd1 Rd8 25. Rf1 Re8 26. Qf2 Qe3
1/2-1/2

[Event "4NCL/Div4b/PONTY vs. GREN"]
[Site "Telford ENG"]
[Date "2004.11.06"]
[Round "1.5"]
[White "Lobo, Richard"]
[Black "Hibbitt, Arthur M"]
[Result "0-1"]
[WhiteElo "1914"]
[BlackElo "1975"]
[PlyCount "84"]
[EventDate "2004.11.06"]
[SourceDate "2004.09.21"]

1. e4 d6 2. d4 Nf6 3. Nc3 e5 4. d5 g6 5. f3 Bg7 6. Be3 O-O 7. Bd3 c6 8. Bc4 c5
9. Nge2 a6 10. Nc1 Nh5 11. Bf1 b5 12. Nb1 f5 13. Nd2 Nf6 14. a3 fxe4 15. fxe4
Ng4 16. Bg1 Bh6 17. Nf3 Ra7 18. Ne2 Raf7 19. Ng3 Ne3 20. Bxe3 Bxe3 21. Qd3 Bh6
22. Be2 c4 23. Qc3 Qb6 24. a4 Nd7 25. axb5 axb5 26. b3 Nc5 27. bxc4 b4 28. Qb2
Rf4 29. Bd3 Bg4 30. Ne2 Bxf3 31. Nxf4 Nxd3+ 32. cxd3 Qe3+ 33. Ne2 Bxg2 34. Rg1
Qf2+ 35. Kd1 Bf3 36. Re1 Bg5 37. Qxb4 Qe3 38. Qc3 Bxe2+ 39. Rxe2 Rf1+ 40. Re1
Rxe1+ 41. Kc2 Rxa1 42. Qxa1 Qd2+ 0-1

[Event "4NCL/Div4b/PONTY vs. GREN"]
[Site "Telford ENG"]
[Date "2004.11.06"]
[Round "1.6"]
[White "Butterworth, Paul"]
[Black "Thomas, Roy"]
[Result "1-0"]
[WhiteElo "1910"]
[BlackElo "1732"]
[PlyCount "81"]
[EventDate "2004.11.06"]
[SourceDate "2004.09.21"]

1. d4 f5 2. Nf3 e6 3. g3 Nf6 4. Bg2 Be7 5. O-O O-O 6. c4 d6 7. Nc3 Ne4 8. Nxe4
fxe4 9. Ne1 d5 10. f3 c5 11. fxe4 Rxf1+ 12. Kxf1 Qf8+ 13. Kg1 dxe4 14. d5 exd5
15. cxd5 Qf5 16. Be3 Bd6 17. Qc2 Qxd5 18. Bxe4 Qh5 19. Rd1 Be7 20. Rd5 Qe8 21.
Bxh7+ Kf8 22. Qe4 Nd7 23. Bg6 Nf6 24. Bxe8 Nxe4 25. Bg6 Nf6 26. Rd2 Be6 27. b3
b6 28. Nf3 Rd8 29. Rxd8+ Bxd8 30. Bf4 Nd7 31. Kf2 Bf6 32. e4 Ke7 33. e5 Nxe5
34. Nxe5 Bxe5 35. Bxe5 Kd7 36. Bxg7 c4 37. h4 b5 38. h5 a5 39. h6 Bg8 40. h7
Bxh7 41. Bxh7 1-0

[Event "4NCL/Div4b/FCA2 vs. SLOS3"]
[Site "Telford ENG"]
[Date "2004.11.06"]
[Round "1.1"]
[White "Kendall, Paul S N"]
[Black "de Coverly, Roger"]
[Result "1-0"]
[WhiteElo "2070"]
[BlackElo "2100"]
[PlyCount "77"]
[EventDate "2004.11.06"]
[SourceDate "2004.09.21"]

1. e4 c5 2. Nf3 d6 3. Bb5+ Nd7 4. c4 e5 5. O-O Ngf6 6. Nc3 Be7 7. d3 O-O 8. h3
Nb6 9. Be3 a6 10. Ba4 Nxa4 11. Qxa4 b5 12. Qc2 b4 13. Ne2 Ne8 14. Nd2 f5 15.
exf5 Bxf5 16. f4 Nc7 17. Ng3 Bd7 18. fxe5 dxe5 19. Nf3 Qe8 20. Ne4 Qh5 21. Qf2
Bc6 22. Bxc5 Rae8 23. Bxe7 Rxe7 24. Qc5 Qe8 25. Nfg5 Rxf1+ 26. Rxf1 h6 27. Nd6
Qd7 28. Nge4 a5 29. Nf5 Re6 30. Qxa5 Kh7 31. Nc5 Rg6 32. Rf2 Qd8 33. Qxb4 Qa8
34. Qd2 Qxa2 35. Ne7 Rd6 36. Nxc6 Rxc6 37. Qe3 Qa7 38. Qe4+ Rg6 39. Nd7 1-0